[Event "Challenge"]
[Site "http://www.queenalice.com/game.php?id=1868631"]
[Date "2026.1.29"]
[Round "-"]
[White "Wilson"]
[Black "dejami"]
[Result "1-0"]
[WhiteElo "1492"]
[BlackElo "1769"]

1. e4 e5 2. d4 Nc6 3. c3 a6 4. Nf3 h6 5. Be2 exd4 6. cxd4 Bb4+ 7. Nbd2 Nf6 8.
O-O b5 9. a3 Ba5 10. d5 Ne7 11. Ne5 d6 12. b4 Bb6 13. a4 Bd4 14. Ra2 Bxe5 15.
Nf3 Nxe4 16. axb5 Nc3 17. Qc2 Nxb5 18. Bxb5+ Bd7 19. Bc4 Bf5 20. Qa4+ Bd7 21.
Qb3 Bb5 22. Nxe5 dxe5 23. d6 Qxd6 24. Bxf7+ Kd8 25. Rd1 Qxd1+ 26. Qxd1+ Kc8 27.
Qg4+ Kb7 28. Qe4+ Nc6 29. Bd5 Rhe8 30. Ra5 Kb6 31. Be3+ Kb7 32. Rxb5+ axb5 33.
Bxc6+ Ka6 34. Bb7# 1-0

[Event "Challenge"]
[Site "http://www.queenalice.com/game.php?id=1868632"]
[Date "2026.1.29"]
[Round "-"]
[White "dejami"]
[Black "Wilson"]
[Result "0-1"]
[WhiteElo "1712"]
[BlackElo "1550"]

1. e4 e5 2. Bc4 Nf6 3. h3 Be7 4. g4 d5 5. exd5 a6 6. Qf3 Bd7 7. g5 e4 8. Qf4 Nh5
9. Qxe4 O-O 10. h4 c6 11. dxc6 Bxc6 12. Qg4 Bxh1 13. Qxh5 g6 14. Qh6 Nc6 15. c3
Ne5 16. Be2 Rc8 17. d4 Nc6 18. h5 Bd6 19. hxg6 fxg6 20. Qxh1 Rc7 21. Bc4+ Kh8
22. Qg2 Re7+ 23. Kf1 b5 24. Bd3 Qe8 25. Bd2 Bf4 26. Ne2 Bxd2 27. Na3 Na5 28. Nb1
Nc4 29. Nxd2 Nxd2+ 30. Ke1 Nf3+ 31. Kf1 Nd2+ 32. Ke1 Nf3+ 33. Kf1 Nh4 34. Qg3
Nf5 35. Qh2 Ne3+ 36. Kg1 Ng4 37. Qg3 Nxf2 38. Re1 Nxd3 39. Qxd3 Re3 40. Qd2 Rff3
41. Kg2 Qe6 42. d5 Qg4+ 43. Kh1 Rh3# 0-1

[Event "Challenge"]
[Site "http://www.queenalice.com/game.php?id=1868689"]
[Date "2026.1.31"]
[Round "-"]
[White "dejami"]
[Black "Racey"]
[Result "1-0"]
[WhiteElo "1763"]
[BlackElo "1503"]

1. e4 e5 2. Bc4 Qf6 3. g4 Bc5 4. Nf3 g5 5. d4 exd4 6. Bxg5 Qg6 7. Qd3 Qd6 8. e5
Qg6 9. Qd2 Qe4+ 10. Be2 Qxg4 11. Nh4 Qe4 12. O-O Qxe5 13. Re1 Be7 14. Bf3 Qc5
15. b4 Qb6 16. a3 f6 17. Bf4 h5 18. Nf5 h4 19. Bd5 h3 20. Bxg8 Rxg8+ 21. Kf1
Qb5+ 22. Qe2 Qxf5 23. Qxe7# 1-0

[Event "Challenge"]
[Site "http://www.queenalice.com/game.php?id=1868727"]
[Date "2026.1.31"]
[Round "-"]
[White "iliov2008"]
[Black "dejami"]
[Result "0-1"]
[WhiteElo "1455"]
[BlackElo "1733"]

1. e4 e5 2. Nc3 c6 3. Nf3 Qf6 4. d3 b5 5. a4 b4 6. Bg5 Qe6 7. Na2 a5 8. h4 h6 9.
Be3 d5 10. exd5 cxd5 11. d4 e4 12. Ne5 Ne7 13. Bb5+ Bd7 14. Bxd7+ Nxd7 15. Nxd7
Qxd7 16. c3 Nc6 17. cxb4 Nxb4 18. Nxb4 Bxb4+ 19. Bd2 Qb7 20. f3 e3 21. Bxb4
Qxb4+ 22. Ke2 O-O 23. g4 Rfe8 24. g5 Qxb2+ 25. Kd3 Rac8 26. Rc1 Qa3+ 27. Ke2
Qa2+ 28. Kd3 Qa3+ 29. Ke2 Rc3 30. Rxc3 Qxc3 31. gxh6 Qb2+ 32. Ke1 Qf2# 0-1

[Event "Challenge"]
[Site "http://www.queenalice.com/game.php?id=1868728"]
[Date "2026.1.31"]
[Round "-"]
[White "dejami"]
[Black "iliov2008"]
[Result "1-0"]
[WhiteElo "1742"]
[BlackElo "1460"]

1. e4 e5 2. Bc4 d6 3. Qf3 Nf6 4. h3 Be6 5. Bb5+ c6 6. Ba4 b5 7. Bb3 Bxb3 8. axb3
a5 9. g4 h5 10. g5 Nfd7 11. d3 a4 12. b4 c5 13. c3 Nc6 14. g6 fxg6 15. Qg3 Qf6
16. Na3 cxb4 17. Nxb5 bxc3 18. Nc7+ Kf7 19. bxc3 Rc8 20. Nd5 Qe6 21. Nf3 Nc5 22.
Ng5+ Kg8 23. Nxe6 Nxe6 24. Qxg6 Rh6 25. Bxh6 Ra8 26. Rg1 Ra7 27. Qxe6+ Kh8 28.
Bg5 a3 29. Qe8 Kg8 30. Qxc6 Rf7 31. Qe8 Kh7 32. Qxf7 1-0

[Event "Challenge"]
[Site "http://www.queenalice.com/game.php?id=1868730"]
[Date "2026.1.31"]
[Round "-"]
[White "dejami"]
[Black "Carlos19"]
[Result "0-1"]
[WhiteElo "1747"]
[BlackElo "1801"]

1. e4 e5 2. Bc4 Nf6 3. Qf3 Bc5 4. h3 O-O 5. d3 Nc6 6. c3 a6 7. Bb3 a5 8. g4 g6
9. Bg5 Be7 10. h4 h5 11. gxh5 Nxh5 12. Bxe7 Nxe7 13. Bd1 d6 14. Qg2 Ng7 15. Nf3
c5 16. h5 gxh5 17. Rh4 Bg4 18. Ng5 Ng6 19. Bxg4 Nxh4 20. Qg3 Qxg5 21. Be2 Qc1+
22. Bd1 Qxb2 23. Qxh4 Qxa1 24. Nd2 Qxa2 25. Nc4 b5 26. Nxd6 Qb2 27. Qg5 Qxc3+
28. Ke2 Qb2+ 29. Ke3 Qd4+ 30. Ke2 Qxd6 31. Ke3 Qd4+ 32. Ke2 Rad8 33. Bc2 c4 34.
Qd2 c3 35. Qg5 f6 36. Qg3 Qb4 0-1

[Event "Challenge"]
[Site "http://www.queenalice.com/game.php?id=1869246"]
[Date "2026.2.14"]
[Round "-"]
[White "dejami"]
[Black "PRZ"]
[Result "0-1"]
[WhiteElo "1738"]
[BlackElo "1480"]

1. e4 e5 2. Bc4 c5 3. Qf3 Nf6 4. h3 Nc6 5. c3 a6 6. g4 b5 7. Bd5 Nxd5 8. exd5
Ne7 9. d6 Nc6 10. Qd5 f6 11. Nf3 c4 12. d4 g5 13. h4 gxh4 14. Nxh4 Bb7 15. O-O
Na5 16. Qc5 h5 17. g5 fxg5 18. Ng6 Rh6 19. Nxe5 Rc8 20. Qa3 Bxd6 21. Re1 Bxa3
22. Nxa3 h4 23. Nc6+ Re6 24. Nxd8 Kxd8 25. Bxg5+ Kc7 26. Red1 Rg8 27. f4 h3 28.
Kh2 Bg2 29. Nc2 Re2 30. Ne1 Bf1+ 31. Kh1 Rh8 32. Nf3 Bg2+ 33. Kg1 Bxf3 34. Rf1
h2# 0-1

[Event "Challenge"]
[Site "http://www.queenalice.com/game.php?id=1872556"]
[Date "2026.4.28"]
[Round "-"]
[White "dejami"]
[Black "iliov2008"]
[Result "0-1"]
[WhiteElo "1641"]
[BlackElo "1450"]

1. e4 e5 2. Bc4 Nf6 3. f3 Nc6 4. c3 Bc5 5. Ne2 a5 6. Ng3 h5 7. Nf5 Rg8 8. d3 a4
9. Bg5 d6 10. Ng3 Be6 11. Nxh5 Bxc4 12. dxc4 b6 13. Ng3 g6 14. Qd5 Nxd5 15. Bxd8
Ne3 16. Kd2 Kxd8 17. Rg1 f5 18. exf5 Nxc4+ 19. Kd3 d5 20. Rf1 gxf5 21. Nxf5 Rxg2
22. Rh1 Nxb2# 0-1